000 00771nam a22002417a 4500
003 CBULib
005 20230817071741.0
008 230502b |||||||| |||| 00| 0 eng d
020 _a9780128173909
040 _aCBULib
_cCBULib
_bEnglish
_erda
041 _aeng
050 _aQB 500 Spa
100 _aKaminski, Amy Paige
_9578
245 _aSpace science and public engagement : 21st century perspectives and opportunities
_c/ edited by Amy Paige Kaminski
260 _aCambridge :
_bElsevier,
_c2021
300 _axxiii, 273 pages : illustrations
336 _2rdacontent
_aText |
_btxt
337 _2rdamedia
_aUnmediated |
_bn
338 _2rdacarrier
_aVolume
_bnc
650 0 _aSPACE SCIENCES
_9579
650 0 _aCOMMUNICATION IN SCIENCE
_9580
942 _c002
_2lcc
999 _c77552
_d77552